000 00926cam a22002897a 4500
003 CHAP
005 20220329134149.0
008 971013s1976 r 00010 d
010 _a16398
011 _a17370
035 _a21453
040 _cCHAP
082 _a332.414
_bG8
100 0 0 _aGuzmán Ferrer, Martín Luis.
_951944
245 1 3 _aLa inflación y el desarrollo en la América Latina
260 _aMéxico, D.F., :
_bUNAM. Escuela Nacional de Economía,
_c1976
300 _a653 p
590 _aBATCH-UPD
_b10
_c20130110
_lUCH01
_h1802
590 _aBATCH-UPD
_b10
_c20130410
_lUCH01
_h1138
590 _aBATCH-UPD
_b10
_c20130914
_lUCH01
_h1638
590 _aCONVERSION
_b10
_c20130109
_lUCH01
_h1310
650 1 4 _aAmerica Latina
_xCondiciones economicas.
_95390
650 1 4 _aInflación.
_958064
901 _aBK
942 _cLIBRO
949 _a332.414 G8
_bBC
_cLIBRO
_d33724000345567
_eLIBRO
_h54435
_i21453
_si
_t200.00
999 _c16398
_d16398